Statistiques concernant Quiz sur les Bahamas

Cliquez ici pour prendre le quiz!

Statistiques générales

  • Ce quiz a été pris 1 859 fois
  • Le résultat moyen est 11 sur 16

Statistiques - réponses

QuestionRéponse% Correct
Pays les plus prochesEtats-Unis
95%
Les Bahamas furent le premier pays du Nouveau Monde
à être visité par ce navigateur en l'an 1492
Christophe Colomb
94%
Pays les plus prochesCuba
93%
Devise monétaireDollar
91%
Pays qui possédait les Bahamas jusqu'en 1973Royaume-Uni
91%
Contrairement à une idée reçue, cette mer ne borde pas les BahamasMer des Caraïbes
88%
Secteur qui représente environ 50% du PIB des BahamasTourisme
87%
Pays les plus prochesHaïti
84%
Capitale et plus grande villeNassau
83%
Célèbre pirate basé aux Bahamas qui naviguait
notamment à bord du Queen Anne's Revenge
Barbe Noire
64%
Sport le plus populaireCricket
61%
Territoire britannique situé à 46 km des BahamasÎles {Turques}-et-Caïques
57%
Sur l'île de Big Major Cay, il est possible de nager
avec ces mammifères pourtant terrestres
Cochons
36%
Ancien roi qui a abdiqué en 1936 avant de devenir
gouverneur général des Bahamas de 1940 à 1945
Édouard VIII
26%
Oiseau qui figure sur les armoiries nationales du paysFlamant rose
18%
Île sur laquelle celle-ci se situeNew {Providence}
18%

Distribution des résultats

Percentile par nombre de réponses

% des personnes avec chaque résultat

Votre développement - résultats

Vous n’avez pas pris ce quiz